[Event "21st Dubai Open 2019"]
[Site "Dubai"]
[Date "2019.04.01"]
[Round "1.18"]
[White "Santos Ruiz, Miguel"]
[Black "Mrudul Dehankar"]
[Result "1-0"]
[WhiteElo "2555"]
[BlackElo "2078"]
[Annotator "TA"]
[PlyCount "111"]
[EventDate "2019.04.01"]
[EventType "swiss"]
[EventCountry "UAE"]
[SourceTitle "playchess.com"]
[Source "ChessBase"]
[SourceQuality "1"]

{[%evp 21,111,42,46,37,43,35,38,20,39,47,44,0,6,0,16,0,31,36,49,29,31,22,134,137,141,145,159,160,145,112,116,116,112,121,131,100,137,114,299,308,296,291,299,312,291,298,267,289,289,284,268,239,329,283,410,264,289,289,522,289,273,272,277,228,317,287,552,530,619,606,1058,1049,1004,1009,989,978,964,911,904,779,1223,1162,1241,1081,5093,2906,2591,2477,29979,29980,29990,29991]} 1. d4 Nf6 2. c4 e6 3. Nf3 Bb4+ 4. Nbd2 b6 5. a3 Bxd2+ 6. Qxd2 Bb7 7. e3 O-O 8. Be2 d6 9. O-O Ne4 10. Qc2 f5 11. Ne1 {[%cal Bf3e1,Be1d3,Bd3f2][%mdl 32]} Nd7 12. f3 {E14: Queen's Indian: Classical Variation (4 e3)} Nef6 13. b4 Qe7 14. Bb2 {White is slightly better.} a5 15. Nd3 {[#]} e5 $146 ({Predecessor:} 15... axb4 16. axb4 e5 17. d5 {1-0 (57) Akobian,V (2606)-Socko,B (2631) Beijing 2008}) 16. Nf2 e4 17. f4 c6 18. Bc3 axb4 19. axb4 Kh8 20. Qb3 Qf7 21. b5 c5 (21... d5 $11 {keeps the balance.}) 22. d5 $16 Rfd8 23. Kh1 h6 24. Rg1 Rxa1 25. Bxa1 Ra8 26. Bc3 Bc8 27. Qb2 Nf8 28. g4 N8h7 29. h3 Qa7 $2 {[#]} (29... Ne8 $16 {is a better defense.} 30. Ra1 Qb7) 30. g5 $1 $18 {[%cal Rg5f6]} hxg5 31. fxg5 Ne8 32. Bh5 Bd7 33. h4 Qa2 34. Nh3 Qxb2 35. Bxb2 {Bf7 is the strong threat.} Ra2 36. Rb1 Nc7 37. Nf4 Nf8 (37... Kg8 $142 38. Ng6 Nf8) 38. Ng6+ Nxg6 39. Bxg6 Ra4 $2 (39... Be8 {was worth a try.}) 40. Rc1 Rb4 41. Rc2 Rb3 42. Bc3 Rb1+ 43. Kg2 Kg8 $2 (43... Rb3 44. Be1 Ra3) 44. Ra2 Rc1 45. Ra7 Be8 46. Rxc7 {White threatens Rc8 and mate.} Bxg6 47. Rxg7+ {[%mdl 64] Double Attack} Kf8 48. Rxg6 Rxc3 49. Rxd6 Rxe3 {[%mdl 4096] Endgame KR-KR} 50. Rf6+ Kg7 51. Rxf5 Rc3 52. h5 {[%cal Bh4h5,Bh5h6][%mdl 32]} Rxc4 53. h6+ Kg6 54. Rf6+ {[%mdl 64] Double Attack} Kxg5 {[#]} 55. h7 $1 {[%mdl 512]} Rc2+ 56. Rf2 {Accuracy: White = 72%, Black = 28%.} 1-0

[Event "21st Dubai Open 2019"]
[Site "Dubai"]
[Date "2019.04.01"]
[Round "1.19"]
[White "Dimarucut, Francis Erwin"]
[Black "Bellahcene, Bilel"]
[Result "0-1"]
[WhiteElo "2077"]
[BlackElo "2538"]
[Annotator "TA"]
[PlyCount "48"]
[EventDate "2019.04.01"]
[EventType "swiss"]
[EventCountry "UAE"]
[SourceTitle "playchess.com"]
[Source "ChessBase"]
[SourceQuality "1"]

{[%evp 9,48,5,1,0,-10,10,9,12,46,13,20,22,19,16,17,-13,-12,0,-4,-25,-13,-19,0,-59,-51,-142,-158,-158,-142,-339,-307,-325,-299,-405,-408,-448,-439,-491,-470,-822,-818]} 1. d4 Nf6 2. Nf3 e6 3. c4 d5 4. g3 Bb4+ 5. Bd2 Be7 6. Qc2 {E11: Bogo-Indian} (6. Bg2 O-O 7. O-O c6 8. Qc2 Nbd7 9. Bf4 b6 10. Rd1 Ba6 11. cxd5 cxd5 12. Ne5 Nxe5 13. dxe5 Ng4 14. Bf3 f5 15. exf6 Nxf6 16. Qa4 Bb7 17. Nd2 Qe8 18. Qxe8 Rfxe8 {½-½ (29) Giri,A (2783)-Ding,L (2813) Wijk aan Zee 2019}) 6... O-O 7. Bg2 Nbd7 8. O-O {The position is equal.} Ne4 9. Nc3 Nxd2 10. Nxd2 c6 11. e4 dxe4 12. Ndxe4 f5 13. Nd2 e5 14. d5 e4 15. Rad1 Qe8 $146 16. Rfe1 (16. d6 $11 Bg5 17. Nb3) 16... Qh5 17. f3 ({Better is} 17. d6 $15 Bf6 18. Nb3) 17... Bc5+ $17 18. Kh1 Bf2 {[#] And now ...Bxg3 would win.} 19. Re2 $2 (19. Ne2 $17) 19... Bxg3 $1 $19 {[%csl Gg3][%cal Rh5h2]} 20. Nf1 Bb8 ({Less strong is} 20... exf3 21. Nxg3 fxg2+ 22. Rxg2 $15) 21. fxe4 f4 22. d6 Ne5 {Black is clearly winning.} (22... f3 $2 23. Ng3 $19) 23. Red2 Bg4 ({Not} 23... f3 24. Ng3 $19) 24. d7 (24. c5 $142 f3 25. Qb3+ Qf7 26. Qxf7+ Rxf7 27. Rc1) 24... Bc7 {Accuracy: White = 28%, Black = 81%.} 0-1

[Event "21st Dubai Open 2019"]
[Site "Dubai"]
[Date "2019.04.01"]
[Round "1.20"]
[White "Debashis, Das"]
[Black "Kumar, Gaurav"]
[Result "1/2-1/2"]
[WhiteElo "2538"]
[BlackElo "2074"]
[Annotator "TA"]
[PlyCount "98"]
[EventDate "2019.04.01"]
[EventType "swiss"]
[EventCountry "UAE"]
[SourceTitle "playchess.com"]
[Source "ChessBase"]
[SourceQuality "1"]

{[%evp 20,98,20,29,71,32,52,28,25,19,15,12,29,31,52,36,60,44,72,79,104,99,105,99,105,102,97,68,106,106,106,106,112,119,125,122,212,54,50,53,53,53,54,56,56,51,52,72,60,57,83,64,75,76,65,13,5,0,18,0,0,0,0,0,0,0,0,0,0,0,0,0,0,0,0,0,0,0,0,0,0]} 1. d4 Nf6 2. Nf3 e6 3. c4 Bb4+ 4. Nc3 c5 5. g3 Nc6 6. Bg2 Ne4 7. Bd2 Nxd2 8. Qxd2 cxd4 {E20: Nimzo-Indian: 4 g3 and 4 f3} 9. Nxd4 Ne5 (9... O-O 10. Nc2 Be7 11. O-O a6 12. Rfd1 Rb8 13. Ne4 b6 14. Rac1 Qc7 15. Nd6 Bb7 16. Nxb7 Rxb7 {1-0 (82) Mamedyarov,S (2799)-Ivanchuk,V (2726) Huaian 2017}) 10. b3 Qa5 11. Rc1 {LiveBook: 7 Games} Nc6 $146 ({Predecessor:} 11... O-O 12. O-O a6 13. Rfd1 Ba3 14. Rc2 Rb8 15. Ne4 Qxd2 16. Rcxd2 {½-½ (28) Kacheishvili,G (2605)-Yudasin,L (2568) Philadelphia 2006}) 12. O-O a6 13. Rc2 O-O 14. Ra1 Ba3 15. e3 {[%cal Be2e3,Be3d4][%mdl 32]} Nxd4 16. exd4 d6 17. Qd3 Qh5 18. Bf3 Qh6 19. Na4 Bb4 20. c5 d5 21. Nb6 $36 {[%mdl 2048] White is on the roll.} Rb8 22. a3 Ba5 23. Rac1 g6 24. Qe3 Qxe3 25. fxe3 Bxb6 26. cxb6 Bd7 27. Rc7 Rfc8 (27... Rfd8 $16) 28. R1c5 $2 {[#]} (28. e4 $18) 28... Bc6 $14 29. Be2 {aiming for R5xc6!} Rxc7 $1 30. bxc7 {[%mdl 4096] Endgame KRB-KRB} Rc8 31. Bxa6 $1 Rxc7 32. Be2 Rc8 33. a4 Kf8 34. b4 Ke7 35. b5 Bd7 36. Rxc8 Bxc8 $16 {KB-KB} 37. b6 (37. a5 $14) 37... Kd6 $11 {The position is equal.} 38. Kf2 Bd7 39. a5 Ba4 40. Ke1 Kc6 $1 41. Kd2 Bb5 {[#] Hoping for ...Bxe2.} 42. Bd1 $1 Bc4 {Threatens to win with ...Kb5.} 43. Ba4+ $1 Bb5 44. Bc2 Bc4 {...Kb5 is the strong threat.} 45. Ba4+ $1 Bb5 46. Bb3 Bc4 47. Ba4+ $1 Bb5 48. Bb3 Bc4 49. Ba4+ $1 Bb5 {Precision: White = 56%, Black = 56%.} 1/2-1/2

[Event "21st Dubai Open 2019"]
[Site "Dubai"]
[Date "2019.04.01"]
[Round "1.21"]
[White "Loay, Sameer"]
[Black "Deepan, Chakkravarthy J."]
[Result "1/2-1/2"]
[WhiteElo "2073"]
[BlackElo "2534"]
[Annotator "TA"]
[PlyCount "61"]
[EventDate "2019.04.01"]
[EventType "swiss"]
[EventCountry "UAE"]
[SourceTitle "playchess.com"]
[Source "ChessBase"]
[SourceQuality "1"]

{[%evp 17,61,33,35,13,43,39,38,39,47,40,21,22,28,0,20,20,17,16,15,15,22,0,11,11,210,210,208,206,206,191,29991,29992,29992,1253,1300,801,761,0,0,0,0,0,0,0,0,0]} 1. Nf3 g6 2. g3 Bg7 3. Bg2 f5 4. O-O Nf6 5. d4 O-O 6. c4 d6 7. Nc3 Nc6 8. b3 Ne4 9. Bb2 e6 10. e3 {A87: Dutch Defence: Leningrad System: 5 Nf3} a5 (10... Nxc3 11. Bxc3 Qe7 12. b4 e5 13. b5 Nd8 14. dxe5 dxe5 15. Qb3 Re8 16. Bb4 Qf6 17. Rad1 Nf7 {½-½ (49) Sokolov,A (2532)-Gareyev,T (2569) St Petersburg 2018}) 11. Nxe4 $146 ({Predecessor:} 11. Rc1 Nb4 12. a3 Nxc3 13. Rxc3 Na6 14. Rd3 Bd7 15. Rd2 Qe7 16. Qa1 c6 17. Rfd1 Nc7 {½-½ (52) Babu,N (2415)-Meulders,R (2315) Novi Sad 1990}) 11... fxe4 12. Nd2 {White is slightly better.} d5 13. f3 exf3 14. Nxf3 b6 15. Ne5 Rxf1+ 16. Qxf1 Nxe5 17. dxe5 Bb7 18. cxd5 exd5 19. e4 dxe4 20. Rd1 $36 {[%mdl 2048] White fights for an advantage.} Qg5 $2 (20... Qe7 $1 $11 {and Black stays safe.}) 21. Qc4+ $1 $18 Kh8 22. Qxc7 {[%mdl 64] Double Attack} Qe3+ 23. Kh1 {Threatening mate with Rd8+.} Qe2 $2 (23... Bd5 $18 24. Qc2 Bg8) 24. Rd8+ Bf8 25. Qc3 (25. Bc3 $142 Qe3 26. e6+ Qxc3 27. Qxc3+ Kg8 28. e7 Rxd8 29. exd8=Q h5 30. Qcf6 Kh7 31. Qdxf8 e3 32. Q8h8#) 25... Rc8 26. Rxf8+ Kg7 {[#]} 27. Qd4 $2 ({Inferior is} 27. Bf1 Qd1 $17) (27. Rf7+ $1 $18 {[%mdl 512]} Kh6 (27... Kxf7 28. e6+) 28. Bc1+ g5 29. Qe3 Qxe3 30. Bxe3) 27... Kxf8 $11 {The position is equal.} 28. Qd6+ Kg7 {( -> ...Qe1+)} 29. Qf6+ Kh6 30. Qf4+ Kg7 31. Qf6+ {[%mdl 64] Double Attack. Accuracy: White = 47%, Black = 39%.} 1/2-1/2

[Event "21st Dubai Open 2019"]
[Site "Dubai"]
[Date "2019.04.01"]
[Round "1.21"]
[White "Loay, Sameer"]
[Black "Deepan Chakkravarthy J."]
[Result "1/2-1/2"]
[WhiteElo "2073"]
[BlackElo "2534"]
[Annotator "TA"]
[PlyCount "61"]
[EventDate "2019.04.01"]
[EventType "swiss"]
[EventCountry "UAE"]
[SourceTitle "playchess.com"]
[Source "ChessBase"]
[SourceQuality "1"]

{[%evp 18,61,23,25,44,46,49,47,25,43,38,6,16,0,14,14,14,14,14,16,19,0,12,10,193,207,205,196,196,185,29991,29992,29992,1311,1302,820,780,0,0,0,0,0,0,0,0,0]} 1. Nf3 g6 2. g3 Bg7 3. Bg2 f5 4. O-O Nf6 5. d4 O-O 6. c4 d6 7. Nc3 Nc6 8. b3 Ne4 9. Bb2 e6 10. e3 {LiveBook: 7 Games. A87: Dutch Defence: Leningrad System: 5 Nf3} a5 (10... Nxc3 11. Bxc3 Qe7 12. b4 e5 13. b5 Nd8 14. dxe5 dxe5 15. Qb3 Re8 16. Bb4 Qf6 17. Rad1 Nf7 {½-½ (49) Sokolov,A (2532)-Gareyev,T (2569) St Petersburg 2018}) 11. Nxe4 $146 ({Predecessor:} 11. Rc1 Nb4 12. a3 Nxc3 13. Rxc3 Na6 14. Rd3 Bd7 15. Rd2 Qe7 16. Qa1 c6 17. Rfd1 Nc7 {½-½ (52) Babu,N (2415)-Meulders,R (2315) Novi Sad 1990}) 11... fxe4 12. Nd2 {White is slightly better.} d5 13. f3 exf3 14. Nxf3 b6 15. Ne5 Rxf1+ 16. Qxf1 Nxe5 17. dxe5 Bb7 18. cxd5 exd5 19. e4 {Hoping for exd5.} dxe4 20. Rd1 $36 {[%mdl 2048] White is more active.} Qg5 $2 (20... Qe7 $1 $11 {and Black is okay.}) 21. Qc4+ $1 $18 Kh8 22. Qxc7 Qe3+ 23. Kh1 {White threatens Rd8+ and mate.} Qe2 $2 (23... Bd5 $18 24. Qc2 Bg8) 24. Rd8+ Bf8 25. Qc3 (25. Bc3 $142 Qc2 26. e6+ Qxc3 27. Qxc3+ Kg8 28. e7 Rxd8 29. exd8=Q h6 30. Qdf6 h5 31. Qxg6+ Bg7 32. Qgxg7#) 25... Rc8 26. Rxf8+ Kg7 {[#]} 27. Qd4 $2 (27. Bf1 Qd1 $17) (27. Rf7+ $1 $18 {[%mdl 512]} Kh6 (27... Kxf7 28. e6+) 28. Bc1+ g5 29. Qe3 Qxe3 30. Bxe3) 27... Kxf8 $11 {The position is equal.} 28. Qd6+ Kg7 {( -> ...Qe1+)} 29. Qf6+ Kh6 30. Qf4+ Kg7 {White must now prevent ...Rf8.} 31. Qf6+ {Precision: White = 50%, Black = 48%.} 1/2-1/2

[Event "21st Dubai Open 2019"]
[Site "Dubai"]
[Date "2019.04.01"]
[Round "1.22"]
[White "Ghaem Maghami, Ehsan"]
[Black "Concio, Michael Jr."]
[Result "1-0"]
[WhiteElo "2531"]
[BlackElo "2071"]
[Annotator "TA"]
[PlyCount "75"]
[EventDate "2019.04.01"]
[EventType "swiss"]
[EventCountry "UAE"]
[SourceTitle "playchess.com"]
[Source "ChessBase"]
[SourceQuality "1"]

{[%evp 13,75,9,37,25,38,31,36,37,35,38,37,37,30,27,25,22,63,52,94,105,134,121,123,111,133,95,179,120,158,85,83,78,84,75,87,92,102,41,67,65,57,23,59,28,14,18,393,16,9,0,28,22,33,29,25,27,30,0,76,70,77,20,29992,29993]} 1. Nf3 Nf6 2. c4 e6 3. g3 b6 4. Bg2 Bb7 5. O-O Be7 6. d4 O-O 7. Re1 c5 8. d5 {E17: Queen's Indian: 4 g3 Bb7 5 Bg2 Be7} exd5 9. Nh4 {[%cal Rc4d5]} Ne4 10. cxd5 {White is slightly better.} Bxh4 11. Bxe4 Bf6 12. Nc3 d6 13. Bf4 (13. Bg2 Re8 14. Bf4 Na6 15. Ne4 Be7 {½-½ (49) Nakamura,H (2749)-Iturrizaga Bonelli,E (2637) chess.com INT 2019}) 13... Re8 {Hoping for ...Bxc3.} 14. Qc2 g6 15. Bg2 $36 {[%mdl 2048] White fights for an advantage.} Be5 16. Bxe5 Rxe5 17. e4 $146 Re8 18. f4 f6 19. Rad1 Na6 (19... Kg7 $16 {was called for.}) 20. a3 (20. e5 $18) 20... Qd7 21. Qf2 ({White should try} 21. e5 fxe5 22. fxe5 Rxe5 23. Rxe5 dxe5 24. d6 Bxg2 25. Qxg2) 21... Rf8 22. Qf1 Nc7 23. Bh3 Qe7 24. Qd3 Bc8 25. g4 (25. Bxc8 $16 Raxc8 26. e5) 25... Ba6 26. Qg3 Nb5 27. Nxb5 Bxb5 28. e5 fxe5 29. fxe5 {Black should prevent g5.} dxe5 $2 {[%mdl 8192] [#]} (29... Qg5 $1 $11) 30. g5 $2 (30. d6 $1 $18 {[%cal Rd6e7]} Qf7 31. Bg2) 30... Bd7 $1 $11 {[%cal Rd7h3] aiming for ...Bxh3.} 31. d6 Qf7 32. Bg2 Rae8 33. Rxe5 Rxe5 34. Qxe5 {Black must now prevent Bd5.} Re8 35. Qc3 Qg7 (35... Qf4 $11 {keeps the balance.}) 36. Bd5+ $16 Kh8 $1 37. Rf1 (37. Qf6 $16) 37... Re5 $2 {[%mdl 8192] [#]} (37... Bf5 $11) 38. Qxe5 $1 {[%mdl 512] Accuracy: White = 55%, Black = 41%.} 1-0

[Event "21st Dubai Open 2019"]
[Site "Dubai"]
[Date "2019.04.01"]
[Round "1.23"]
[White "Yeoh, Li Tian"]
[Black "Ammar, Sedrani"]
[Result "1-0"]
[WhiteElo "2522"]
[BlackElo "2064"]
[Annotator "TA"]
[PlyCount "85"]
[EventDate "2019.04.01"]
[EventType "swiss"]
[EventCountry "UAE"]
[SourceTitle "playchess.com"]
[Source "ChessBase"]
[SourceQuality "1"]

{[%evp 18,85,0,20,14,7,25,0,15,7,8,7,83,66,73,70,78,59,50,50,116,114,116,100,185,184,181,185,143,98,70,64,141,91,135,144,137,121,235,252,250,228,205,129,202,192,474,369,587,533,618,625,707,687,894,881,1541,1452,2549,2465,2086,2282,2088,1828,3045,2455,5097,5073,1657,1276]} 1. e4 c6 2. Nf3 d5 3. exd5 cxd5 4. Ne5 Nf6 (4... Nc6 5. Bb5 Bd7 6. Nxd7 Qxd7 7. d4 a6 8. Be2 e6 9. c3 Nf6 10. Nd2 Bd6 11. Nf3 O-O {0-1 (51) Duda,J (2737)-So,W (2780) chess.com INT 2018}) 5. d4 g6 6. Bb5+ {B10: Caro-Kann: 2 d3 and 2 c4} Nbd7 7. Nc3 Bg7 8. O-O O-O 9. Re1 a6 10. Bf1 {LiveBook: 3 Games} Re8 $146 ({Predecessor:} 10... e6 11. a4 Nxe5 12. dxe5 Nd7 {1-0 (37) Dragnev,V (2508)-Paterek,M (2311) Douglas 2018}) 11. a4 e6 12. f4 {[%cal Bf2f4,Bf4e5][%mdl 32]} b6 13. Bd3 Bb7 14. g4 Nxe5 (14... h6 $11) 15. fxe5 $16 Nd7 {[#]} 16. g5 $1 Nb8 17. Qg4 Nc6 18. Nd1 {[%cal Bc3d1,Bd1f2,Bf2g4,Bg4e5][%mdl 32]} Ne7 (18... Nb4 $14) 19. Nf2 Nf5 {[#]} 20. c3 $1 h6 (20... a5 $16) 21. gxh6 $18 Bxh6 22. Bxh6 Nxh6 23. Qf4 Kg7 24. Ng4 Rh8 (24... Nxg4 $14 25. Qxg4 Rh8) 25. Qf6+ Qxf6 26. exf6+ ({But not} 26. Nxf6 $6 a5 $11) 26... Kf8 27. Ne5 $36 {[%mdl 2048] Black is under strong pressure.} Ke8 (27... Bc8 $16 28. Ra3 a5) 28. Re3 Kd8 29. Rh3 {Hoping for Rxh6!} Kc7 30. Rf1 Nf5 (30... Bc6 $16 {was necessary.} 31. Rc1 Nf5 32. Rxh8 Rxh8) 31. Bxf5 $1 gxf5 $2 (31... exf5 {is a better defense.} 32. Rxh8 Rxh8) 32. Rff3 Bc6 (32... Rag8+ $142 33. Rfg3 Rxh3 34. Rxg8 Rh6) 33. Nxf7 {White is clearly winning.} Rxh3 34. Rxh3 {[%mdl 4096] Endgame KRB-KRN} Rg8+ 35. Kf2 Rg6 36. Rh6 Rxh6 37. Nxh6 {KB-KN} Kd8 38. Nf7+ Ke8 39. Ne5 Bxa4 40. h4 {[%cal Bh2h4,Bh4h5,Bh5h6][%mdl 32]} Kf8 41. h5 {Intending h6 and mate.} Be8 42. h6 {White wants to mate with h7.} Kg8 43. Kg3 {Accuracy: White = 84%, Black = 26%.} 1-0

[Event "21st Dubai Open 2019"]
[Site "Dubai"]
[Date "2019.04.01"]
[Round "1.25"]
[White "Kuybokarov, Temur"]
[Black "Galindo, Joseph"]
[Result "1-0"]
[WhiteElo "2519"]
[BlackElo "2049"]
[Annotator "TA"]
[PlyCount "75"]
[EventDate "2019.04.01"]
[EventType "swiss"]
[EventCountry "UAE"]
[SourceTitle "playchess.com"]
[Source "ChessBase"]
[SourceQuality "1"]

{[%evp 24,75,68,64,85,91,133,135,194,205,205,208,227,227,331,335,347,362,352,268,267,254,273,263,420,348,351,328,327,327,362,330,668,675,863,862,827,809,763,758,29947,29940,6644,6387,29978,29979,29979,29980,29980,29981,29981,29982,29995,29996]} 1. e4 c5 2. Nf3 d6 3. d4 cxd4 4. Nxd4 Nf6 5. Nc3 g6 6. Be3 Bg7 7. f3 O-O 8. Qd2 Nc6 9. O-O-O Bd7 10. g4 Rc8 11. h4 h5 12. gxh5 Nxh5 13. Rg1 Nxd4 {B76: Sicilian Dragon: Yugoslav Attack, 9 g4 and 9 0-0-0} 14. Bxd4 e5 (14... Bxd4 15. Qxd4 Be6 16. Rg5 Qb6 17. Qd2 Rfd8 18. Rb5 Qg1 19. Rg5 Qb6 20. Na4 Qc7 21. Rxh5 d5 22. Bd3 dxe4 23. Qh6 gxh5 24. Rg1+ Bg4 25. Bxe4 f6 26. fxg4 Qh2 27. Re1 {1-0 (27) Fedorchuk,S (2599)-Stocek,J (2572) Germany 2006}) 15. Bxa7 $146 {[%mdl 64] [#] Discovered Attack} ({Predecessor:} 15. Be3 Be6 16. Kb1 a6 17. a3 Rc6 18. Nd5 Bxd5 19. Qxd5 Qc7 20. Qb3 Kh7 21. Bh3 {1-0 (86) Schmid,J (2083)-Sauer,P Rotterdam 1996}) 15... Qa5 (15... Be6 $16) 16. Be3 $18 Be6 17. a3 ({Not} 17. Qxd6 Bxa2 18. Nxa2 Qxa2 $14) 17... Kh7 18. Nb5 ({Don't do} 18. Qxd6 $6 Rfd8 $16) 18... Qa4 (18... Qxd2+ $142 19. Rxd2 Bh6 20. Bxh6 Kxh6 21. Nxd6 Rc7) 19. Nxd6 {[%mdl 64] Double Attack} Rfd8 20. Bb5 Qb3 21. Bc4 Qa4 22. Bxe6 Rxd6 23. Bd5 Nf4 (23... Rf6 $142 24. Rgf1 Nf4) 24. h5 Nxd5 25. hxg6+ fxg6 26. exd5 Qb3 {Now ...e4 and Black clings on.} 27. Qd3 Qa2 $2 {[#]} (27... Qxd3 28. Rxd3 Rc7) 28. Rxg6 $1 {[%mdl 512]} Rxg6 29. Rh1+ (29. Qf5 Rf8 $17) 29... Kg8 30. Qxg6 {Threatening mate with Qe6+.} Qa1+ 31. Kd2 {White wants to mate with Qe6+.} Rxc2+ 32. Kxc2 Qxh1 33. d6 Qxf3 34. d7 {White mates.} Qe2+ 35. Bd2 {[%cal Rd7d8]} Qc4+ 36. Kb1 {[%cal Rd7d8]} Qf1+ 37. Bc1 Qd3+ 38. Qxd3 {Accuracy: White = 95%, Black = 19%.} 1-0

[Event "21st Dubai Open 2019"]
[Site "Dubai"]
[Date "2019.04.01"]
[Round "1.26"]
[White "Shanya, Mishra"]
[Black "Venkatesh, M.R."]
[Result "0-1"]
[WhiteElo "2026"]
[BlackElo "2517"]
[Annotator "TA"]
[PlyCount "78"]
[EventDate "2019.04.01"]
[EventType "swiss"]
[EventCountry "UAE"]
[SourceTitle "playchess.com"]
[Source "ChessBase"]
[SourceQuality "1"]

{[%evp 9,78,14,21,-7,-3,0,0,0,0,0,0,-18,-1,-31,-22,-20,-16,-23,-30,-112,-109,-116,-117,-116,-116,-119,-112,-227,-228,-197,-150,-157,-125,-130,-125,-156,-158,-240,-256,-245,-193,-191,-182,-227,-214,-268,-254,-297,-310,-314,-320,-561,-540,-675,-666,-662,-660,-661,-625,-781,-655,-29982,-29983,-29987,-29988,-29988,-29989,-29989,-29990,-29990,-29991]} 1. d4 g6 2. c4 Bg7 3. e4 d6 4. Be2 (4. Nc3 Nc6 5. Nf3 Bg4 6. Be3 e5 7. d5 Nd4 8. Be2 Bxf3 9. Bxf3 c5 10. dxc6 bxc6 11. b4 Ne7 12. O-O O-O 13. g3 Rb8 14. Rb1 a5 15. b5 Qd7 16. Bg2 cxb5 17. Nxb5 Nec6 {½-½ (44) Sargissian,G (2689)-Mamedov,R (2703) chess.com INT 2019}) 4... Nc6 5. Be3 e5 {[%cal Re5d4] LiveBook: 4 Games} 6. d5 {A41: 1 d4 d6: Tartakower System and Modern Defence} Nd4 7. Nc3 c5 8. dxc6 {The position is equal.} bxc6 9. Nf3 {[%cal Rf3d4]} c5 $1 10. O-O Ne7 11. Nd5 $146 ({Predecessor:} 11. Qd2 Be6 12. b3 O-O 13. Bd1 f5 14. Ng5 Bd7 {0-1 (22) Schroeer,H-Klatt,T Germany 2001}) 11... Nxd5 12. cxd5 O-O 13. Nxd4 exd4 14. Bc1 (14. Bf4 $11 {keeps the balance.}) 14... f5 $17 15. f3 Rb8 16. Bd3 Be5 17. f4 Bg7 18. Qf3 (18. exf5 $17 {keeps fighting.} Bxf5 19. Bxf5 Rxf5 20. Qd3) 18... fxe4 $19 19. Qxe4 Bg4 20. Qe1 Qd7 21. b3 Rbe8 22. Qg3 Be2 $36 {[%mdl 2048] Black has strong initiative.} 23. Rf2 (23. Bd2 $17 {was forced.}) 23... Bxd3 24. Qxd3 Qf5 25. Qxf5 Rxf5 ({Resist} 25... gxf5 26. Kf1 $17) 26. Bb2 Rxd5 27. g4 g5 28. f5 {intending f6.} Bf6 29. Rd1 Rde5 30. b4 $2 {[#]} (30. Kg2) 30... Re1+ 31. Rf1 Rxd1 32. Rxd1 {[%mdl 4096] Endgame KRB-KRB} Re2 33. Bc1 c4 {[%cal Bc5c4,Bc4c3,Bc3c2][%mdl 32]} 34. a4 c3 {[#] Strongly threatening ...c2.} 35. h4 c2 {[%cal Rc2d1] Black mates.} 36. Rf1 d3 37. hxg5 Bd4+ 38. Kh1 d2 39. Bxd2 Rxd2 {Precision: White = 24%, Black = 91%.} 0-1

[Event "21st Dubai Open 2019"]
[Site "Dubai"]
[Date "2019.04.01"]
[Round "1.26"]
[White "Shanya Mishra"]
[Black "Venkatesh, M.R."]
[Result "0-1"]
[WhiteElo "2026"]
[BlackElo "2517"]
[Annotator "TA"]
[PlyCount "78"]
[EventDate "2019.04.01"]
[EventType "swiss"]
[EventCountry "UAE"]
[SourceTitle "playchess.com"]
[Source "ChessBase"]
[SourceQuality "1"]

{[%evp 9,78,17,30,0,0,-2,0,0,0,0,0,-18,-8,-31,-33,-23,-30,-33,-27,-93,-104,-117,-122,-107,-91,-128,-139,-210,-229,-220,-164,-177,-149,-130,-130,-143,-131,-246,-254,-230,-197,-212,-176,-218,-218,-270,-241,-297,-291,-290,-295,-560,-541,-681,-665,-679,-647,-769,-717,-782,-628,-29982,-29983,-29987,-29988,-29989,-29990,-29989,-29990,-29990,-29991]} 1. d4 g6 2. c4 Bg7 3. e4 d6 4. Be2 (4. Nc3 Nc6 5. Nf3 Bg4 6. Be3 e5 7. d5 Nd4 8. Be2 Bxf3 9. Bxf3 c5 10. dxc6 bxc6 11. b4 Ne7 12. O-O O-O 13. g3 Rb8 14. Rb1 a5 15. b5 Qd7 16. Bg2 cxb5 17. Nxb5 Nec6 {½-½ (44) Sargissian,G (2689)-Mamedov,R (2703) chess.com INT 2019}) 4... Nc6 5. Be3 e5 {[%cal Re5d4]} 6. d5 {A41: 1 d4 d6: Tartakower System and Modern Defence} Nd4 7. Nc3 c5 8. dxc6 {The position is equal.} bxc6 9. Nf3 {[%cal Rf3d4]} c5 $1 10. O-O Ne7 11. Nd5 $146 ({Predecessor:} 11. Qd2 Be6 12. b3 O-O 13. Bd1 f5 14. Ng5 Bd7 {0-1 (22) Schroeer,H-Klatt,T Germany 2001}) 11... Nxd5 12. cxd5 O-O 13. Nxd4 exd4 14. Bc1 (14. Bf4 $11 {remains equal.}) 14... f5 $17 15. f3 Rb8 16. Bd3 Be5 17. f4 Bg7 18. Qf3 (18. exf5 $17 {was necessary.} Bxf5 19. Bxf5 Rxf5 20. b3) 18... fxe4 19. Qxe4 Bg4 {[#] Hoping for ...Re8.} 20. Qe1 Qd7 21. b3 Rbe8 22. Qg3 Be2 $36 {[%mdl 2048] Black has strong initiative.} 23. Rf2 (23. Bd2 $17 {only move.}) 23... Bxd3 $19 24. Qxd3 Qf5 25. Qxf5 Rxf5 ({Resist} 25... gxf5 26. Kf1 $17) 26. Bb2 Rxd5 27. g4 g5 28. f5 Bf6 29. Rd1 Rde5 30. b4 $2 {[#]} (30. h3) 30... Re1+ 31. Rf1 Rxd1 32. Rxd1 {[%mdl 4096] Endgame KRB-KRB} Re2 33. Bc1 c4 {[%cal Bc5c4,Bc4c3,Bc3c2][%mdl 32]} 34. a4 c3 35. h4 c2 {[%cal Rc2d1] Black mates.} 36. Rf1 d3 37. hxg5 Bd4+ 38. Kh1 d2 39. Bxd2 Rxd2 {Accuracy: White = 30%, Black = 79%.} 0-1